000 00520nam a2200193Ia 4500
005 20250326141837.0
008 250326s9999 xx 000 0 und d
037 _aTextbook
040 _aFMSL
_beng
_cFMSL
041 _aeng
_2eng
084 _qFMSL
100 _aIndia Govt. OF India........
245 0 _aReport commission on centre state
_cIndia Govt. OF India........
260 _aIndia
_bIndia, Govt of India
_c1988
300 _a986p
490 _vPart II
942 _cTB
999 _c1292250
_d1292250